Ants / (Record no. 391)

MARC details
000 -LEADER
fixed length control field 01349nam a22003857a 4500
001 - CONTROL NUMBER
control field 391
003 - CONTROL NUMBER IDENTIFIER
control field FISKH
005 - DATE AND TIME OF LATEST TRANSACTION
control field 20230823125824.0
008 - FIXED-LENGTH DATA ELEMENTS--GENERAL INFORMATION
fixed length control field 230406b cb ||||| |||| 00| 0 eng d
010 ## - LIBRARY OF CONGRESS CONTROL NUMBER
LC control number 200
020 ## - INTERNATIONAL STANDARD BOOK NUMBER
International Standard Book Number 9781426306099 (library binding)
020 ## - INTERNATIONAL STANDARD BOOK NUMBER
International Standard Book Number 1426306091 (library binding)
020 ## - INTERNATIONAL STANDARD BOOK NUMBER
International Standard Book Number 9781426306082 (trade pbk.)
020 ## - INTERNATIONAL STANDARD BOOK NUMBER
International Standard Book Number 1426306083 (trade pbk.)
035 ## - SYSTEM CONTROL NUMBER
System control number (OCoLC)ocn320186964
040 ## - CATALOGING SOURCE
Original cataloging agency DNAL/DLC
Transcribing agency DLC
Modifying agency IG#
-- BTCTA
-- UKM
-- OCP
-- DLC
-- FISKH
050 00 - LIBRARY OF CONGRESS CALL NUMBER
Classification number QL568.F7
Item number S82 2010
082 00 - DEWEY DECIMAL CLASSIFICATION NUMBER
Classification number 595.79/6
Edition number 22
100 1# - MAIN ENTRY--PERSONAL NAME
Personal name Stewart, Melissa.
245 10 - TITLE STATEMENT
Title Ants /
Statement of responsibility, etc. Melissa Stewart.
260 ## - PUBLICATION, DISTRIBUTION, ETC.
Place of publication, distribution, etc. Washington, D.C. :
Name of publisher, distributor, etc. National Geographic,
Date of publication, distribution, etc. 2010.
300 ## - PHYSICAL DESCRIPTION
Extent 32 p. :
Other physical details col. ill. ;
Dimensions 24 cm.
490 1# - SERIES STATEMENT
Series statement National Geographic readers. Level 1
505 0# - FORMATTED CONTENTS NOTE
Formatted contents note H
505 0# - FORMATTED CONTENTS NOTE
Formatted contents note Ants all around -- Ants at home -- The ant man -- An ant's life -- Worker ants -- Ants with wings -- Superhero ants -- What's for dinner? -- Hooray for ants!
520 ## - SUMMARY, ETC.
Summary, etc. Describes different types of ants and their behavior.
521 1# - TARGET AUDIENCE NOTE
Target audience note 470 <br/>
Source Lexile
521 1# - TARGET AUDIENCE NOTE
Target audience note H <br/>
Source Raz-Plus
650 #0 - SUBJECT ADDED ENTRY--TOPICAL TERM
Topical term or geographic name entry element Ants
Form subdivision Juvenile literature.
650 #1 - SUBJECT ADDED ENTRY--TOPICAL TERM
Topical term or geographic name entry element Ants.
830 #0 - SERIES ADDED ENTRY--UNIFORM TITLE
Uniform title National Geographic readers.
Number of part/section of a work Level 1.
906 ## - LOCAL DATA ELEMENT F, LDF (RLIN)
a 7
b cbc
c orignew
d 1
e ecip
f 20
g y-gencatlg
942 ## - ADDED ENTRY ELEMENTS (KOHA)
Source of classification or shelving scheme Dewey Decimal Classification
Koha item type Books
Suppress in OPAC No
Holdings
Withdrawn status Lost status Source of classification or shelving scheme Damaged status Not for loan Collection Home library Current library Shelving location Date acquired Total Checkouts Full call number Barcode Date last seen Date last checked out Copy number Price effective from Koha item type
    Dewey Decimal Classification     Non-Fiction Footprints International School Library Network Toul Kork Campus Footprints International School Library Network Toul Kork Campus TK Primary Library Room(4th Floor), Bookcase 1&2, Shelves 1-16, Dark Blue Books 04/06/2023 4 STE 595.79 QL568.F7 FISTK01166 10/23/2024 10/16/2024 1 04/06/2023 Books
    Dewey Decimal Classification     Non-Fiction Footprints International School Library Network Toul Kork Campus Footprints International School Library Network Toul Kork Campus TK Primary Library Room(4th Floor), Bookcase 1&2, Shelves 1-16, Dark Blue Books 04/06/2023 9 STE 595.79 QL568.F7 FISBK06093 02/19/2025 02/13/2025 2 04/06/2023 Books